Statystyki dla Medycyna - Terminologia

Kliknij tutaj aby rozwiązać quiz!

Ogólne statystyki

  • Ten quiz został rozwiązany 58 razy
  • Średni wynik to 17 z 50

Statystyki odpowiedzi

Termin / CzłonZnaczenie% Poprawnych
HemaZwiązane z krwią
89%
DermaZwiązane ze skórą
83%
CardioZwiązane z sercem
81%
GastroZwiązane z żołądkiem
72%
NefroZwiązane z nerką
70%
ArteriaTętnica
66%
OkuloZwiązane z oczami
66%
EncefaloZwiązane z mózgiem
62%
HepaWątroba
57%
NekroObumarcie / Śmierć
53%
PoliWiele
51%
MonoPojedyńczy
49%
NeuroZwiązane z układem nerwowym
47%
AcydKwas
45%
LogiaNauka o
45%
LipoTłuszcz
45%
MioZwiązane z mięśniami
43%
HyperPowyżej normy
40%
ChronicznyPrzewlekły
40%
HipoPoniżej normy
36%
TyreoidTarczyca / Gruczoł Tarczowy
34%
IntraWewnątrz
34%
VasculoZwiązane z naczyniami
34%
ErytroCzerwony
32%
CytyKomórki
32%
TachySzybki
32%
BradyWolny
32%
EktomiaUsunięcie (Chirurgiczne)
26%
ItisZapalenie
26%
LeukoBiały
23%
PeniaNiedobór
23%
DysZaburzony
23%
HemiPołowiczny
21%
TomiaNacięcie / Wcięcie
17%
OstryNagły
17%
NatroZwiązane z sodem
15%
TaksjaRuch
13%
PlegiaParaliż
11%
Intravenous(Podawane) Dożylnie
11%
SklerozaTwardnienie
11%
PanWszystko
11%
EkstraZewnątrz
11%
PatoZwiązane z chorobą
11%
A/An/AsBez / Zmniejszone
9%
DypsjaPragnienie (Napojenia)
6%
KaloZwiązane z potasem
6%
EmiaObecność we krwi
0%
FiliaSkłonność
0%
OzaStan
0%
PlazjaTworzenie / Rozwój
0%

Rozkład punktacji

Percentyl według liczby udzielonych odpowiedzi

Procent ludzi z każdym wynikiem

Twoja historia wyników

Nie rozwiązałeś tego quizu